Normal view
MARC view
- تأليف نصرالله، هاني توفيق أسعد
Entry Personal Name
001 - CONTROL NUMBER
- control field: 43319
003 - CONTROL NUMBER IDENTIFIER
- control field: JO-AjAnu
005 - DATE AND TIME OF LATEST TRANSACTION
- control field: 20230606081200.0
008 - FIXED-LENGTH DATA ELEMENTS
- fixed length control field: 230606|| aca||aabn | a|a d
040 ## - CATALOGING SOURCE
- Original cataloging agency: JO-AjAnu
- Transcribing agency: JO-AjAnu
100 ## - HEADING--PERSONAL NAME
- Personal name: تأليف نصرالله، هاني توفيق أسعد
670 ## - SOURCE DATA FOUND
- Source citation: Work cat.: (JO-AjAnu)22183: تأليف نصرالله، هاني توفيق أسعد, author, شواهد القرآن النحوية، مج1